FC Bayern München Squad 2022-2023 - Statistics

General Stats
  • This quiz has been taken 391 times
    233 since last reset
  • The average score is 23 of 30
Answer Stats
# Position Nation Player % Correct
1 GK Germany Manuel Neuer
99%
4 DF Netherlands Matthijs de Ligt
95%
11 FW France Kingsley Coman
94%
19 DF Canada Alphonso Davies
93%
2 DF France Dayot Upamecano
93%
6 MF Germany Joshua Kimmich
93%
8 MF Germany Leon Goretzka
92%
10 FW Germany Leroy Sané
92%
17 FW Senegal Sadio Mané
90%
7 FW Germany Serge Gnabry
90%
25 FW Germany Thomas Müller
88%
5 DF France Benjamin Pavard
86%
13 FW Cameroon Eric Maxim Choupo-Moting
86%
27 GK Switzerland Yann Sommer
86%
26 GK Germany Sven Ulreich
83%
- Coach Germany Thomas Tuchel
81%
18 MF Austria Marcel Sabitzer
80%
21 DF France Lucas Hernández
79%
42 MF Germany Jamal Musiala
76%
- Coach Germany Julian Nagelsmann
75%
40 DF Morocco Noussair Mazraoui
72%
39 FW France Mathys Tel
67%
44 DF Croatia Josip Stanišić
63%
20 DF Senegal Bouna Sarr
62%
38 MF Netherlands Ryan Gravenberch
62%
22 DF Portugal João Cancelo
60%
23 DF Netherlands Daley Blind
48%
14 MF Austria Paul Wanner
31%
46 MF Germany Arijon Ibrahimović
27%
35 GK Germany Johannes Schenk
21%
No matching quizzes found
Score Distribution
Percent of People with Each Score
Percentile by Number Answered
Your Score History
You have not taken this quiz since the last reset